000
00271nam a22001217a 4500
008
170602b xxu||||| |||| 00| 0 eng d
041
_a
eng
080
_a
93
100
_a
17
101
_a
SHH
245
_a
GREAT BATTLES OF THE 20TH CENTURY
_c
HART, B.L
942
_2
udc
_c
BK
999
_c
15656
_d
15656